[Event "16th Asian Games Rapid"]
[Site "Guangzhou CHN"]
[Date "2010.11.13"]
[Round "2"]
[White "Murshed, Niaz"]
[Black "Nguyen, Ngoc Truong Son"]
[Result "0-1"]
[WhiteTitle "GM"]
[BlackTitle "GM"]
[WhiteElo "2429"]
[BlackElo "2628"]
[WhiteFideId "10200010"]
[BlackFideId "12401110"]
[EventDate "2010.11.13"]

1. d4 d5 2. c4 c6 3. cxd5 cxd5 4. Nc3 Nc6 5. Bf4 e5 6. dxe5 d4 7. Ne4 Qd5 8. Nd2
Nge7 9. Ngf3 Ng6 10. g3 Nxf4 11. gxf4 g5 12. fxg5 h6 13. g6 Rg8 14. Rg1 Bf5 15.
Nh4 Bxg6 16. Nxg6 Rxg6 17. Rxg6 fxg6 18. Qb3 Qxb3 19. Nxb3 Bb4+ 20. Kd1 Nxe5 21.
a3 Be7 22. Bg2 Rd8 23. h3 d3 24. Be4 g5 25. Rc1 b6 26. Rc3 dxe2+ 27. Kxe2 Bf6
28. Rc2 Kf8 29. Nd2 a5 30. b3 Be7 31. a4 Bc5 32. Nc4 Nd7 33. Rd2 Re8 34. Kf3 Nf6
35. Bf5 h5 36. Kg2 Kg7 37. Kf1 Kh6 38. Rc2 g4 39. hxg4 hxg4 40. Nxa5 Re5 41. Nb7
Rxf5 42. Nxc5 bxc5 43. a5 Nd5 44. Kg2 Rf3 45. Rxc5 Nf4+ 46. Kh2 Rxb3 47. a6 Rh3+
48. Kg1 Ra3 49. Rc6+ Kg5 50. Kh2 Nd3 51. Kg1 Ne5 52. Rb6 Ra1+ 53. Kg2 Nf3 0-1

[Event "16th Asian Games Rapid"]
[Site "Guangzhou CHN"]
[Date "2010.11.13"]
[Round "2"]
[White "Sadvakasov, Darmen"]
[Black "Gundavaa, Bayarsaikhan"]
[Result "1-0"]
[WhiteTitle "GM"]
[WhiteElo "2627"]
[BlackElo "2472"]
[WhiteFideId "13700464"]
[BlackFideId "4901045"]
[EventDate "2010.11.13"]

1. e4 c5 2. Nf3 d6 3. d4 cxd4 4. Nxd4 Nf6 5. Nc3 Bd7 6. Bg5 e6 7. Qd2 a6 8.
O-O-O h6 9. Be3 Ng4 10. f4 Nxe3 11. Qxe3 Be7 12. Kb1 O-O 13. g4 Nc6 14. Nf3 Rc8
15. h4 b5 16. g5 h5 17. Ne2 g6 18. Bh3 Qc7 19. f5 Na5 20. c3 b4 21. Nd2 bxc3 22.
Nxc3 Rfe8 23. Qd3 Nc4 24. Nxc4 Qxc4 25. fxg6 fxg6 26. e5 Qxd3+ 27. Rxd3 Rc4 28.
Nd5 exd5 29. Bxd7 Rd8 30. Be6+ Kg7 31. Bxd5 Rf4 32. e6 Rb8 33. a3 Rf2 34. Rb3
Rxb3 35. Bxb3 Kf8 36. Rc1 Bd8 37. Rc8 Ke7 38. Rb8 Rf4 39. Rb7+ Kf8 40. Bd5 Rf5
41. Be4 Re5 42. Bxg6 Rxe6 43. Bxh5 Re4 44. Rf7+ Kg8 45. Rd7 Be7 46. Bf3 Re1+ 47.
Kc2 Kf8 48. Ra7 Rf1 49. Bd5 Rf4 50. Ra8+ Kg7 51. Rg8+ Kh7 52. Re8 Bf8 53. h5 1-0

[Event "16th Asian Games Rapid"]
[Site "Guangzhou CHN"]
[Date "2010.11.13"]
[Round "2"]
[White "Filippov, Anton"]
[Black "Odeev, Handszar"]
[Result "1-0"]
[WhiteTitle "GM"]
[BlackTitle "GM"]
[WhiteElo "2620"]
[BlackElo "2405"]
[WhiteFideId "14200988"]
[BlackFideId "14000091"]
[EventDate "2010.11.13"]

1. e4 c5 2. Nf3 d6 3. d4 cxd4 4. Nxd4 Nf6 5. Nc3 a6 6. Be2 e5 7. Nb3 Be7 8. Bg5
Be6 9. Bxf6 Bxf6 10. Qd3 a5 11. Rd1 Be7 12. Nd5 Bxd5 13. Qxd5 Qc7 14. Bb5+ Nc6
15. a4 O-O 16. c3 Rfd8 17. Bc4 Bg5 18. h4 Bh6 19. Rh3 Rac8 20. Rf3 Rd7 21. Nc5
Nd4 22. Nxd7 Nxf3+ 23. gxf3 Qxc4 24. Nb6 Qxd5 25. Rxd5 Rc6 26. Rb5 g6 27. Nd5
Bf8 28. Nb6 Bh6 29. Nd5 Bf8 30. Rxa5 Kg7 31. Rb5 Ra6 32. Rxb7 Rxa4 33. b4 Ra1+
34. Ke2 h5 35. Ne3 Kf6 36. b5 Bh6 37. Nd5+ Kg7 38. b6 Rb1 39. Nb4 g5 40. Rxf7+
Kxf7 41. b7 1-0

[Event "16th Asian Games Rapid"]
[Site "Guangzhou CHN"]
[Date "2010.11.13"]
[Round "2"]
[White "Kakageldyev, Amanmurad"]
[Black "Ghaem Maghami, Ehsan"]
[Result "1/2-1/2"]
[WhiteTitle "IM"]
[BlackTitle "GM"]
[WhiteElo "2400"]
[BlackElo "2593"]
[WhiteFideId "14000024"]
[BlackFideId "12500739"]
[EventDate "2010.11.13"]

1. d4 Nf6 2. c4 e6 3. Nc3 Bb4 4. Qc2 d5 5. cxd5 exd5 6. Bg5 c5 7. e3 Nc6 8. Nf3
cxd4 9. Nxd4 O-O 10. Be2 Nxd4 11. exd4 Qb6 12. Bxf6 Qxf6 13. O-O Be6 14. Qb3
Qxd4 15. Rfd1 Qh4 16. g3 Qe7 17. Nxd5 Bxd5 18. Rxd5 Bc5 19. Qf3 Rad8 20. Rad1
Rxd5 21. Rxd5 b6 22. Kg2 1/2-1/2

[Event "16th Asian Games Rapid"]
[Site "Guangzhou CHN"]
[Date "2010.11.13"]
[Round "2"]
[White "Hassan, Abdullah"]
[Black "Mohammad, Samir"]
[Result "1-0"]
[WhiteTitle "IM"]
[BlackTitle "FM"]
[WhiteElo "2398"]
[BlackElo "2361"]
[WhiteFideId "9300481"]
[BlackFideId "7600372"]
[EventDate "2010.11.13"]

1. d4 d5 2. Nf3 Nf6 3. c4 c6 4. cxd5 cxd5 5. Nc3 Nc6 6. Bf4 Bf5 7. Rc1 a6 8. Ne5
Rc8 9. e3 e6 10. Qb3 Bd6 11. Qxb7 Bxe5 12. dxe5 Nh5 13. Bxa6 Rc7 14. Qb6 Nxf4
15. exf4 Na7 16. O-O O-O 17. Rfd1 h6 18. h3 Bg6 19. Na4 Bc2 20. Rd2 Rc6 21. Rdd1
Rc7 22. Rd2 Rc6 23. Qxa7 Bxa4 24. Rxc6 Bxc6 25. Rc2 Bd7 26. b4 Be8 27. b5 Qa5
28. b6 Ba4 29. Rc1 Qd2 30. Qc7 Qxf4 31. b7 Kh7 32. Bd3+ g6 33. Rb1 Qd2 34. b8=Q
Qxd3 35. Qxf8 1-0

[Event "16th Asian Games Rapid"]
[Site "Guangzhou CHN"]
[Date "2010.11.13"]
[Round "2"]
[White "Alshoha, Basel"]
[Black "Battulga, Namkhai"]
[Result "0-1"]
[BlackTitle "FM"]
[WhiteElo "2106"]
[BlackElo "2428"]
[WhiteFideId "8101914"]
[BlackFideId "4900880"]
[EventDate "2010.11.13"]

1. e4 c5 2. Nf3 d6 3. d4 cxd4 4. Nxd4 Nf6 5. Nc3 a6 6. Bg5 e6 7. f4 Be7 8. Qf3
h6 9. Bxf6 Bxf6 10. O-O-O Qc7 11. g4 Nc6 12. Nb3 Bd7 13. h4 Rc8 14. g5 hxg5 15.
hxg5 Rxh1 16. Qxh1 Bxc3 17. bxc3 Nb4 18. Qh8+ Ke7 19. Qxg7 Nxa2+ 20. Kb2 Qxc3+
21. Qxc3 Nxc3 22. Re1 Na4+ 23. Kb1 Bc6 24. Bd3 Rh8 25. f5 Rg8 26. fxe6 fxe6 0-1

[Event "16th Asian Games Rapid"]
[Site "Guangzhou CHN"]
[Date "2010.11.13"]
[Round "2"]
[White "Yamada, Kohei"]
[Black "Al-Zendani, Zendan"]
[Result "1/2-1/2"]
[BlackTitle "IM"]
[WhiteElo "2091"]
[BlackElo "2398"]
[WhiteFideId "7000936"]
[BlackFideId "9400249"]
[EventDate "2010.11.13"]

1. e4 c5 2. Nf3 d6 3. d4 cxd4 4. Nxd4 Nf6 5. Nc3 a6 6. Bc4 e6 7. Bb3 Nbd7 8. Bg5
Nc5 9. f4 Nxb3 10. axb3 Be7 11. Qf3 h6 12. Bh4 Rb8 13. O-O-O Nd7 14. Bg3 Qa5 15.
Kb1 O-O 16. Be1 Qc7 17. g4 b5 18. h4 b4 19. Nce2 Nc5 20. Ng3 f6 21. g5 fxg5 22.
hxg5 Bxg5 23. Bd2 Bf6 24. Be3 Bxd4 25. Bxd4 e5 26. Bxc5 Qxc5 27. f5 Bb7 28. Qg4
Rbc8 29. Rd2 Qe3 30. Rg2 Rc7 31. Rd2 Rcc8 32. Rg2 Rc7 33. Rhg1 Qf4 34. Qe2 Rff7
35. Rf1 Qh4 36. Rh1 Qf4 37. Rf1 Qh4 38. Rh1 Qf4 39. Rf1 1/2-1/2

[Event "16th Asian Games Rapid"]
[Site "Guangzhou CHN"]
[Date "2010.11.13"]
[Round "2"]
[White "Modallal, Tarek"]
[Black "Mok, Tze-Meng"]
[Result "0-1"]
[BlackTitle "IM"]
[WhiteElo "2028"]
[BlackElo "2394"]
[WhiteFideId "5300630"]
[BlackFideId "5700329"]
[EventDate "2010.11.13"]

1. e4 g6 2. d4 Bg7 3. Nc3 c6 4. a4 d5 5. e5 Nh6 6. Be2 O-O 7. h4 f6 8. exf6 exf6
9. Be3 Nf5 10. Qd2 Nxe3 11. Qxe3 Re8 12. Qf3 Na6 13. h5 g5 14. h6 Bh8 15. O-O-O
Nb4 16. g4 Be6 17. Nh3 Bf7 18. Bd3 Nxd3+ 19. Qxd3 Bg6 20. Qd2 Qd7 21. f4 Qxg4
22. fxg5 Qg3 23. Rdg1 Qe3 24. Nf4 fxg5 25. Nxg6 hxg6 26. Rxg5 Bxd4 27. Rxg6+ Kh7
28. Rd6 Re7 29. Qxe3 Bxe3+ 30. Kd1 Bd4 31. a5 Be5 32. Nxd5 cxd5 33. Rxd5 Bxb2
34. Rb5 0-1

[Event "16th Asian Games Rapid"]
[Site "Guangzhou CHN"]
[Date "2010.11.13"]
[Round "2"]
[White "Shukuraliev, Algis"]
[Black "Nepali, Badrilal"]
[Result "1/2-1/2"]
[WhiteElo "2376"]
[BlackElo "2102"]
[WhiteFideId "13800426"]
[BlackFideId "12300020"]
[EventDate "2010.11.13"]

1. e4 c5 2. Nf3 d6 3. d4 cxd4 4. Nxd4 Nf6 5. Nc3 a6 6. Bd3 Nc6 7. Nb3 e6 8. O-O
Be7 9. f4 Qc7 10. Qf3 O-O 11. Bd2 Rb8 12. Rae1 Nd7 13. Qh3 Nb4 14. Be2 b5 15.
Kh1 Nc6 16. f5 Nde5 17. fxe6 fxe6 18. Rxf8+ Bxf8 19. Qg3 Bb7 20. a3 Rc8 21. Qh3
Re8 22. Nd1 Nd8 23. Nc3 Ndf7 24. Nd4 Bc8 25. Qg3 Nc4 26. Bc1 Bb7 27. Qh3 Bc8 28.
Bg4 Qe7 29. Rf1 Nce5 30. Bd1 Nd8 31. Qg3 Ndc6 32. Nde2 Bb7 33. Nf4 Nb8 34. Nd3
Nxd3 35. cxd3 Qc7 36. Bb3 Nd7 37. d4 Nb6 38. Qf2 Nc4 39. Bd1 g6 40. Bf4 Bg7 41.
b3 e5 42. dxe5 Nxe5 43. Bxe5 Bxe5 44. Nd5 Bxd5 45. exd5 Qe7 46. Bf3 Rf8 47. Rc1
Qf6 48. Rf1 Qf4 49. g3 Qd4 50. Qxd4 Bxd4 51. Kg2 Rc8 52. Bg4 Rc2+ 53. Kh3 Kg7
54. Rd1 Be5 55. a4 Rc3 56. axb5 axb5 57. b4 Rc4 58. Rb1 Bc3 59. Rb3 Bxb4 60. Be2
Rd4 61. Bxb5 Bc5 62. Bc6 Rb4 63. Rf3 Rb2 64. Rf1 h5 65. Be8 Rf2 66. Re1 Rf5 67.
Re7+ Kf8 68. Re6 Rxd5 69. Bxg6 Kg7 70. Bb1 Rd2 71. Be4 d5 72. Bf3 Bg1 73. Bxh5
Rxh2+ 74. Kg4 d4 75. Rg6+ Kf8 76. Rd6 Ke7 77. Rd5 Be3 78. Bg6 Rh6 79. Kf5 Rh8
80. Re5+ Kd6 81. Ke4 Rg8 82. Rd5+ Kc6 1/2-1/2

[Event "16th Asian Games Rapid"]
[Site "Guangzhou CHN"]
[Date "2010.11.13"]
[Round "2"]
[White "Minhazuddin, Ahmed"]
[Black "Malkawi, Fadi"]
[Result "1-0"]
[WhiteTitle "FM"]
[BlackTitle "FM"]
[WhiteElo "2350"]
[BlackElo "2089"]
[WhiteFideId "10201955"]
[BlackFideId "8100420"]
[EventDate "2010.11.13"]

1. e4 c5 2. Nf3 g6 3. d4 cxd4 4. Nxd4 Bg7 5. Nc3 Nc6 6. Nxc6 bxc6 7. Bc4 Nf6 8.
e5 Ng8 9. Qf3 e6 10. Bf4 Rb8 11. O-O Ne7 12. Ne4 O-O 13. Nf6+ Kh8 14. Qh3 h5 15.
g4 Nd5 16. Bxd5 exd5 17. gxh5 d6 18. Qh4 Bxf6 19. exf6 g5 20. Bxg5 Rg8 21. Kh1
c5 22. f3 Rxb2 23. Bh6 Rxc2 24. Bg7+ Kh7 25. Qg5 1-0

[Event "16th Asian Games Rapid"]
[Site "Guangzhou CHN"]
[Date "2010.11.13"]
[Round "2"]
[White "Abdul Rahman Ali"]
[Black "Al-Saffar, Araz Basim Mohammed S"]
[Result "0-1"]
[BlackTitle "IM"]
[WhiteElo "1936"]
[BlackElo "2349"]
[WhiteFideId "16700066"]
[BlackFideId "4801040"]
[EventDate "2010.11.13"]

1. d4 d5 2. f4 c5 3. c3 Nf6 4. e3 Nc6 5. Bd3 Bg4 6. Nf3 e6 7. Nbd2 Bd6 8. O-O
cxd4 9. cxd4 O-O 10. a3 a5 11. Qe1 a4 12. Ne5 Bf5 13. Qe2 Qb6 14. Kh1 Rfc8 15.
Rg1 Ne7 16. g4 Be4+ 17. Bxe4 Nxe4 18. Nxe4 dxe4 19. Qg2 f6 20. Nd7 Qb5 21. Nc5
Bxc5 22. dxc5 Qd3 23. Bd2 Rxc5 24. Bb4 Rc2 25. Qh3 Nd5 26. Rae1 Nxb4 27. axb4
Rxb2 28. g5 f5 29. Rd1 Rd2 30. Rc1 Qd8 31. Qh5 g6 32. Qh4 Rc8 33. Rxc8 Qxc8 34.
Qe1 Qc2 35. Qg3 a3 36. h4 a2 37. h5 Rd1 38. hxg6 hxg6 0-1

[Event "16th Asian Games Rapid"]
[Site "Guangzhou CHN"]
[Date "2010.11.13"]
[Round "2"]
[White "Ahmed, Abdul Sattar"]
[Black "Mohamed, Hassan"]
[Result "1-0"]
[WhiteTitle "FM"]
[WhiteElo "2309"]
[BlackElo "1780"]
[WhiteFideId "4801849"]
[BlackFideId "16700058"]
[EventDate "2010.11.13"]

1. e4 c6 2. d4 d5 3. exd5 cxd5 4. Bd3 Nf6 5. c3 Bg4 6. Qb3 Qd7 7. Bf4 Nc6 8. Nd2
e6 9. Ngf3 Be7 10. Ne5 O-O 11. Nxd7 Nxd7 12. Qxb7 e5 13. Qxc6 exf4 14. O-O Nf6
15. Rfe1 Bd7 16. Qc7 Rfe8 17. Qxf4 Be6 18. Nf3 h6 19. Ne5 Bd6 20. Bc2 a5 21. Qd2
a4 22. f4 Ne4 23. Bxe4 dxe4 24. Rxe4 Bd5 25. Ree1 Rab8 26. f5 Rec8 27. f6 gxf6
28. Ng4 f5 29. Nf6+ 1-0

[Event "16th Asian Games Rapid"]
[Site "Guangzhou CHN"]
[Date "2010.11.14"]
[Round "3"]
[White "Kazhgaleyev, Murtas"]
[Black "Le, Quang Liem"]
[Result "0-1"]
[WhiteTitle "GM"]
[BlackTitle "GM"]
[WhiteElo "2623"]
[BlackElo "2689"]
[WhiteFideId "13700316"]
[BlackFideId "12401137"]
[EventDate "2010.11.13"]

1. d4 Nf6 2. c4 e6 3. Nc3 Bb4 4. Qc2 O-O 5. Nf3 c5 6. dxc5 Na6 7. g3 Nxc5 8. Bg2
Na6 9. Bf1 Nc5 10. Bg2 d5 11. O-O Bxc3 12. Qxc3 b6 13. cxd5 Nxd5 14. Qd4 Ba6 15.
Re1 Rc8 16. b3 Nf6 17. Ba3 Qe7 18. Rac1 Rfd8 19. Qh4 Bb7 20. Red1 h6 21. h3 Bd5
22. Bb2 Re8 23. Kf1 a5 24. Kg1 a4 25. b4 Nce4 26. a3 Nd6 27. Ne5 Bxg2 28. Kxg2
Qb7+ 29. Kg1 Nf5 30. Qf4 b5 31. Ng4 Ne4 32. Qe5 Rxc1 33. Rxc1 f6 34. Qf4 Re7 35.
h4 Qd5 36. h5 Kf7 37. Qb8 Nfd6 38. Rc7 Qd1+ 39. Kg2 Qxe2 40. Rxe7+ Kxe7 41. Qc7+
Kf8 42. Qb8+ Ne8 43. Qf4 f5 44. Bd4 Qxg4 45. Qe5 Ng5 46. Kf1 Qd1+ 47. Kg2 Qf3+
48. Kg1 Qd5 49. Bc5+ Kf7 50. Qb8 Qd1+ 51. Kg2 Qxh5 52. Kg1 Qd1+ 53. Kg2 Qd7 54.
Be3 Nf6 55. Bf4 Qd5+ 56. Kf1 Ng4 0-1

[Event "16th Asian Games Rapid"]
[Site "Guangzhou CHN"]
[Date "2010.11.14"]
[Round "3"]
[White "Sasikiran, Krishnan"]
[Black "Al-Modiahki, Mohamad"]
[Result "1-0"]
[WhiteTitle "GM"]
[BlackTitle "GM"]
[WhiteElo "2688"]
[BlackElo "2562"]
[WhiteFideId "5004985"]
[BlackFideId "12100030"]
[EventDate "2010.11.13"]

1. d4 Nf6 2. c4 g6 3. Nc3 Bg7 4. e4 d6 5. f3 O-O 6. Bg5 c5 7. d5 e6 8. Qd2 exd5
9. cxd5 h6 10. Be3 Re8 11. Nge2 Nbd7 12. Nc1 Nb8 13. N1e2 Nbd7 14. Nc1 a6 15. a4
Nh5 16. Nd3 f5 17. Nf2 g5 18. exf5 Ne5 19. Be2 Bxf5 20. O-O Bg6 21. Rae1 Qa5 22.
Kh1 Qb4 23. Nfe4 Rad8 24. f4 gxf4 25. Bxf4 Qd4 26. Bxh6 Qxd2 27. Bxd2 Nf7 28.
Bg4 Bxc3 29. Nxc3 Rxe1 30. Rxe1 Ne5 31. Be6+ Kg7 32. Ne2 Rf8 33. Bc3 Kh7 34.
Bxe5 dxe5 35. Kg1 Bd3 36. a5 1-0

[Event "16th Asian Games Rapid"]
[Site "Guangzhou CHN"]
[Date "2010.11.14"]
[Round "3"]
[White "Bu, Xiangzhi"]
[Black "Kakageldyev, Amanmurad"]
[Result "1-0"]
[WhiteTitle "GM"]
[BlackTitle "IM"]
[WhiteElo "2680"]
[BlackElo "2400"]
[WhiteFideId "8601445"]
[BlackFideId "14000024"]
[EventDate "2010.11.13"]

1. Nf3 d5 2. d4 Nf6 3. c4 c6 4. Nc3 dxc4 5. a4 Bf5 6. Ne5 e6 7. f3 Bb4 8. Nxc4
O-O 9. Kf2 Nbd7 10. e4 Bg6 11. Be3 Qe7 12. Na2 Rfd8 13. Qb3 a5 14. Nxb4 axb4 15.
Be2 c5 16. Rhd1 cxd4 17. Bxd4 Nc5 18. Bxc5 Qxc5+ 19. Qe3 Qc7 20. Qb6 Qe7 21. Kg1
h5 22. a5 h4 23. Rxd8+ Rxd8 24. Rd1 Rxd1+ 25. Bxd1 Nd7 26. Qc7 Qc5+ 27. Qxc5
Nxc5 28. Nd6 f5 29. Nxb7 Na6 30. Be2 Nc7 31. exf5 exf5 32. Nd6 Kf8 33. Bd3 Ke7
34. Bxf5 Kxd6 35. Bxg6 Kc5 36. Bd3 Kd4 37. Be2 b3 38. Kf2 g5 39. a6 Kc5 40. g3
Kb6 41. gxh4 gxh4 42. Ke3 Nd5+ 43. Kd4 Nf4 44. Bc4 Ng2 45. Ke4 Kc6 46. f4 1-0

[Event "16th Asian Games Rapid"]
[Site "Guangzhou CHN"]
[Date "2010.11.14"]
[Round "3"]
[White "Antonio, Rogelio Jr"]
[Black "Hassan, Abdullah"]
[Result "1/2-1/2"]
[WhiteTitle "GM"]
[BlackTitle "IM"]
[WhiteElo "2573"]
[BlackElo "2398"]
[WhiteFideId "5200032"]
[BlackFideId "9300481"]
[EventDate "2010.11.13"]

1. e4 e6 2. d4 d5 3. Nc3 Nf6 4. Bg5 dxe4 5. Nxe4 Be7 6. Bxf6 Bf8 7. Bg5 Be7 8.
Bf6 Bxf6 9. Nf3 Nd7 10. Qd2 O-O 11. O-O-O b6 12. Bc4 Bb7 13. Qf4 Qe7 14. Rhe1
Rfd8 15. h4 h6 16. Kb1 Rac8 17. a3 Bxe4 18. Qxe4 g6 19. d5 e5 20. d6 cxd6 21.
Qxg6+ Bg7 22. Ba2 Nf6 23. Nd4 Kf8 24. Qd3 Qd7 25. Nf5 e4 26. Qh3 d5 27. c3 h5
28. f3 Re8 29. fxe4 Nxe4 30. Nxg7 Qxh3 31. gxh3 Kxg7 32. Bxd5 f5 33. Bxe4 Rxe4
34. Rxe4 fxe4 35. Rd5 Kf6 36. Kc2 Rg8 37. Kd2 Rg2+ 38. Ke3 Rxb2 39. Kxe4 Rb3 40.
Kd4 Rxa3 41. Rxh5 Ra4+ 42. c4 Ra3 43. Rh7 Rxh3 44. Kd5 Ra3 45. h5 Ra5+ 46. Kd4
Ra1 47. Rb7 Kg5 48. Rh7 Rd1+ 49. Ke5 a5 50. h6 Kg6 51. Rb7 Kxh6 52. Rxb6+ Kg7
53. Rb7+ Kf8 54. Ke6 Rc1 55. Rb8+ Kg7 56. Rb7+ Kf8 57. Rb8+ Kg7 58. Kd5 Kf6 59.
c5 Ke7 60. Kc6 a4 61. Ra8 Rc4 62. Kb6 Kd7 63. Ra7+ Kc8 64. Kc6 Kb8 65. Ra5 Rb4
66. Ra6 Rh4 67. Rb6+ Ka7 68. Rb1 Rh6+ 69. Kb5 Kb7 70. Rg1 Rh7 71. Rg6 a3 72. Rg3
a2 73. Ra3 Rh1 74. Rxa2 Rb1+ 75. Kc4 Rc1+ 76. Kd5 Rd1+ 77. Kc4 Rc1+ 78. Kd4 Rd1+
79. Kc4 Rc1+ 80. Kd5 Rd1+ 81. Kc4 Rc1+ 82. Kd4 Rd1+ 83. Kc4 Rc1+ 84. Kb4 Rb1+
85. Kc4 Rc1+ 86. Kb5 Rb1+ 87. Kc4 Rc1+ 88. Kd5 Rd1+ 89. Kc4 Rc1+ 90. Kb4 Rb1+
91. Kc3 Rc1+ 92. Kd4 Rd1+ 93. Kc4 Rc1+ 94. Kb5 Rb1+ 95. Kc4 Rc1+ 96. Kb4 Rb1+
97. Kc3 Rc1+ 98. Rc2 1/2-1/2

[Event "16th Asian Games Rapid"]
[Site "Guangzhou CHN"]
[Date "2010.11.14"]
[Round "3"]
[White "Megaranto, Susanto"]
[Black "Minhazuddin, Ahmed"]
[Result "1-0"]
[WhiteTitle "GM"]
[BlackTitle "FM"]
[WhiteElo "2528"]
[BlackElo "2350"]
[WhiteFideId "7101384"]
[BlackFideId "10201955"]
[EventDate "2010.11.13"]

1. Nf3 d5 2. d4 Nf6 3. c4 c6 4. Qc2 g6 5. g3 Bg7 6. Bg2 O-O 7. O-O Bf5 8. Qb3
Qb6 9. Nc3 Qxb3 10. axb3 Bc2 11. Ra3 Rd8 12. Bf4 Na6 13. Rc1 Be4 14. Be5 Bxf3
15. Bf4 Be4 16. Be5 Bf3 17. Bxf3 Ne4 18. Bxg7 Kxg7 19. cxd5 Nxc3 20. dxc6 Nd5
21. cxb7 Rab8 22. Rxa6 Rxb7 23. Rc5 e6 24. Ra3 f5 25. e3 Rdd7 26. Be2 Rdc7 27.
Rxc7+ Nxc7 28. Bc4 Kf6 29. Ra5 Ke7 30. h4 Ne8 31. Re5 Nc7 32. Kf1 Rb6 33. Ke2
Kf6 34. Ra5 a6 35. Rc5 Ne8 36. Re5 Nc7 37. Kd3 h6 38. f3 Rd6 39. e4 Ne8 40. Ra5 1-0

[Event "16th Asian Games Rapid"]
[Site "Guangzhou CHN"]
[Date "2010.11.14"]
[Round "3"]
[White "Gundavaa, Bayarsaikhan"]
[Black "Tologontegin, Semetey"]
[Result "1-0"]
[BlackTitle "FM"]
[WhiteElo "2472"]
[BlackElo "2330"]
[WhiteFideId "4901045"]
[BlackFideId "13800574"]
[EventDate "2010.11.13"]

1. d4 d5 2. c4 e6 3. Nf3 Nf6 4. g3 Bb4+ 5. Bd2 Be7 6. Bg2 O-O 7. Qc2 c6 8. O-O
Nbd7 9. Bf4 a5 10. cxd5 exd5 11. Nc3 Re8 12. Rad1 Nf8 13. Rfe1 Ng6 14. Rf1 Nf8
15. Rfe1 Ng6 16. Bc1 Be6 17. Ng5 Bd7 18. e4 Nxe4 19. Ngxe4 dxe4 20. Bxe4 Bg4 21.
f3 Bh3 22. Be3 Rc8 23. Qb3 Qc7 24. d5 Bd6 25. Kf2 Kh8 26. Qb6 Qb8 27. dxc6 f5
28. cxb7 Rcd8 29. Bc6 Rf8 30. Bc5 f4 31. g4 Ne5 32. Be4 Nc4 1-0

[Event "16th Asian Games Rapid"]
[Site "Guangzhou CHN"]
[Date "2010.11.14"]
[Round "3"]
[White "Al-Saffar, Araz Basim Mohammed S"]
[Black "Murshed, Niaz"]
[Result "1-0"]
[WhiteTitle "IM"]
[BlackTitle "GM"]
[WhiteElo "2349"]
[BlackElo "2429"]
[WhiteFideId "4801040"]
[BlackFideId "10200010"]
[EventDate "2010.11.13"]

1. d4 d6 2. c4 e5 3. Nf3 e4 4. Nfd2 Nf6 5. Nc3 Qe7 6. Qc2 Nc6 7. e3 Bf5 8. Nd5
Nxd5 9. cxd5 Nb8 10. Bb5+ Kd8 11. O-O g6 12. f3 exf3 13. e4 fxg2 14. Kxg2 Bd7
15. Bd3 Bg4 16. h3 Bh5 17. e5 Nd7 18. Ne4 h6 19. Bf4 dxe5 20. Rac1 exf4 21.
Qxc7+ 1-0

[Event "16th Asian Games Rapid"]
[Site "Guangzhou CHN"]
[Date "2010.11.14"]
[Round "3"]
[White "Battulga, Namkhai"]
[Black "Ahmed, Abdul Sattar"]
[Result "1-0"]
[WhiteTitle "FM"]
[BlackTitle "FM"]
[WhiteElo "2428"]
[BlackElo "2309"]
[WhiteFideId "4900880"]
[BlackFideId "4801849"]
[EventDate "2010.11.13"]

1. e4 c5 2. Nf3 e6 3. d4 cxd4 4. Nxd4 a6 5. Bd3 Nf6 6. O-O d6 7. c4 g6 8. Nc3
Bg7 9. Be3 O-O 10. Qe2 Qc7 11. Kh1 Nc6 12. Nxc6 bxc6 13. f4 Re8 14. c5 dxc5 15.
Bxc5 Nd7 16. Bg1 c5 17. Rac1 Bb7 18. e5 Qa5 19. b3 Rac8 20. Be4 Bc6 21. Rfd1 Nb6
22. Qf3 Bxe4 23. Nxe4 Red8 24. Rxc5 Rxd1 25. Qxd1 Rxc5 26. Qd8+ Bf8 27. Nxc5 Kg7
28. Nd7 Bb4 29. Qxb6 Qa3 30. Nf6 a5 31. Qd8 Bf8 32. Ne8+ Kg8 33. Nd6 Qc1 34. Qf6
Qc7 35. h3 h5 36. a3 Qd7 37. b4 axb4 38. axb4 Bg7 39. Qg5 Bf8 40. Bc5 Be7 41.
Qg3 Qa4 42. Qf3 Qa1+ 43. Kh2 h4 44. Ne4 Bd8 45. Qg4 Qe1 46. Ng5 Kg7 47. Nf3 Qe2
48. Nd4 Qe4 49. Qf3 Qe1 50. Nc6 Bc7 51. Bf2 1-0

[Event "16th Asian Games Rapid"]
[Site "Guangzhou CHN"]
[Date "2010.11.14"]
[Round "3"]
[White "Kojima, Shinya"]
[Black "Al Qudaimi, Basheer"]
[Result "1-0"]
[WhiteTitle "FM"]
[BlackTitle "IM"]
[WhiteElo "2329"]
[BlackElo "2406"]
[WhiteFideId "7000812"]
[BlackFideId "9400346"]
[EventDate "2010.11.13"]

1. e4 e5 2. Nf3 Nc6 3. Bb5 a6 4. Ba4 Nf6 5. O-O Be7 6. Re1 b5 7. Bb3 O-O 8. h3
d6 9. c3 Nb8 10. d4 Nbd7 11. Nbd2 Bb7 12. Bc2 Re8 13. a4 Bf8 14. Bd3 bxa4 15.
Qxa4 exd4 16. cxd4 c5 17. d5 g6 18. Nc4 Nb6 19. Nxb6 Qxb6 20. Bd2 Bg7 21. Ba5
Qa7 22. Nd2 Qb8 23. Nc4 Bc8 24. Qc6 Bf8 25. Bc7 Qb3 26. Qxa8 Qxd3 27. Nxd6 Bxd6
28. Bxd6 c4 29. Qc6 Bd7 30. Qxa6 Nxe4 31. Qa7 Bc8 32. Qa6 Bd7 33. Qa7 Bf5 34.
Rad1 Qc2 35. Ba3 Rd8 36. d6 Rd7 37. Qe3 h5 38. Rd4 Nf6 39. Qe5 Nh7 40. Qc5 Be6
41. Rf4 Qd2 42. Re3 Nf8 43. Bb4 Qc2 44. Kh2 1-0

[Event "16th Asian Games Rapid"]
[Site "Guangzhou CHN"]
[Date "2010.11.14"]
[Round "3"]
[White "Al-Zendani, Zendan"]
[Black "Shrestha, Bilam Lal"]
[Result "1-0"]
[WhiteTitle "IM"]
[WhiteElo "2398"]
[BlackElo "2138"]
[WhiteFideId "9400249"]
[BlackFideId "12300047"]
[EventDate "2010.11.13"]

1. d4 d6 2. c4 Nf6 3. Nc3 g6 4. e4 Bg7 5. f3 Nbd7 6. Be3 a6 7. Qd2 e5 8. d5 h5
9. Nge2 b6 10. Nc1 Nc5 11. b4 Ncd7 12. Nb3 a5 13. bxa5 bxa5 14. Nb5 a4 15. Na5
Nc5 16. Qb4 Nfxe4 17. O-O-O Bh6 18. Bxh6 Rxh6 19. fxe4 Bd7 20. Nc6 Bxc6 21. dxc6
Kf8 22. Qd2 Kg7 23. Bd3 Rh8 24. Rhf1 Rf8 25. h3 Rb8 26. g4 h4 27. g5 Nxd3+ 28.
Qxd3 Qxg5+ 29. Kc2 Rb6 30. Rg1 Qf4 31. Rg4 Qf2+ 32. Rd2 Qc5 33. Nxc7 Rfb8 34.
Kd1 Rxc6 35. Nb5 Rd8 36. Rc2 Rb6 37. Nc3 Rb4 38. Nd5 Rb1+ 39. Ke2 Rdb8 40. Qf3
f5 41. Qxf5 1-0